| 000 | 01153cam a2200289 4500 | ||
|---|---|---|---|
| 001 | 16835 | ||
| 005 | 20230410123944.0 | ||
| 008 | 060907s2003 enk eng | ||
| 020 | _a074562829X | ||
| 035 | _9funglode16969 | ||
| 041 | _aeng | ||
| 050 | 1 | 4 |
_aLB 1043 _bB923m 2003 |
| 082 | 0 | 0 | _a371.335 |
| 100 | 1 |
_aBuckingham, David, _d1954- |
|
| 245 | 1 | 0 |
_aMedia education : _bliteracy, learning and contemporary culture / _cDavid Buckingham |
| 260 |
_aCambridge, UK : _bPolity Press, _c2003 |
||
| 300 |
_axii, 219 p. ; _c24 cm. |
||
| 505 | 0 | _aWhy teach the media? -- New media childhoods -- Media literacies -- Defining the field -- Classroom strategies -- Locating media education -- Becoming critical -- Getting creative -- Defining pedagogy -- Politics, pleasure and play -- Digital literacies -- New sites of learning. | |
| 650 | 0 | _aMass media in education. | |
| 650 | 0 | _aMedia literacy. | |
| 650 | 4 | _aMedios de comunicación de masas en la enseñanza. | |
| 650 | 4 |
_aEducación mediática _xHistoria. |
|
| 650 | 4 | _aAlfabetización digital. | |
| 650 | 4 | _aEducación no formal. | |
| 650 | 4 | _aInnovaciones educativas. | |
| 942 |
_2lcc _cbk |
||
| 999 |
_c68707 _d68707 |
||